000 00319nam a22001337a 4500
008 181022b xxu||||| |||| 00| 0 eng d
020 _a9780072838787
041 _aeng
080 _a721
100 _a41
101 _aARK
245 _aFundamentals Digital Logic With Verilog Design
_cBrown.S
942 _2udc
_cBK
999 _c50357
_d50357